Loading...
Fine Arts - Classical Music | 0 | 4 | 0 | 0 | 40 | 112 | 121.00 | 1 | 4 |
Religion | 0 | 2 | 0 | 1 | 20 | 115 | 130.50 | 0 | 2 |
History - World History | 0 | 2 | 1 | 0 | 15 | 78 | 83.00 | 1 | 2 |
Literature - World Literature | 0 | 1 | 0 | 0 | 10 | 106 | 106.00 | 1 | 1 |
Science - Other Science | 0 | 1 | 0 | 0 | 10 | 67 | 67.00 | 1 | 1 |
Science - Biology | 0 | 1 | 1 | 0 | 5 | 81 | 81.00 | 1 | 1 |
Science - Chemistry | 0 | 1 | 1 | 0 | 5 | 73 | 73.00 | 0 | 1 |
Fine Arts - Other Fine Arts | 0 | 0 | 0 | 0 | 0 | 0.00 | 0 | 0 | |
Fine Arts - Painting and Sculpture | 0 | 0 | 1 | 0 | -5 | 0.00 | 0 | 0 | |
Mythology | 0 | 0 | 1 | 0 | -5 | 0.00 | 0 | 0 | |
Social Science | 0 | 0 | 1 | 0 | -5 | 0.00 | 0 | 0 | |
Science - Physics | 0 | 0 | 1 | 0 | -5 | 0.00 | 0 | 0 | |
Geography | 0 | 0 | 1 | 0 | -5 | 0.00 | 0 | 0 | |
History - Other History | 0 | 0 | 1 | 0 | -5 | 0.00 | 0 | 0 | |
Literature - British Literature | 0 | 0 | 1 | 0 | -5 | 0.00 | 0 | 0 | |
Literature - European Literature | 0 | 0 | 1 | 0 | -5 | 0.00 | 0 | 0 |